000
00213 a2200097 4500
001
56027
100
_a
245
_a
Da ghani khan latoon
260
_a
Peshawar
_b
Univ press
_c
2005
090
_c
34693
_d
34693
942
_a
NUST-CAE
_c
MONOGRAPH
_c
27439
999
_c
291100
_d
291100